| 000 | 00803nam a22002657a 4500 | ||
|---|---|---|---|
| 001 | BR9703641 | ||
| 003 | BR-BrBNA | ||
| 005 | 20230928095705.0 | ||
| 007 | ta | ||
| 008 | 230509b bl.||||| |||| 00| 0 por d | ||
| 040 |
_aBR-BrBNA _bpor _cBiblioteca Nacional de Agricultura |
||
| 041 | _a(Por) | ||
| 072 | _aE14 | ||
| 090 | _ E14 BR9703641 | ||
| 110 | 1 |
_aSecretaria de Planejamento da Presidencia da Republica, Brasilia, DF (Brasil) _99009 |
|
| 245 | 1 | _aProjeto nordeste: Contribuicoes a preparacao dos termos de referencia para o grupo 4 | |
| 260 | 3 |
_aBrasilia, DF (Brasil): _c1983. |
|
| 300 | _a12 p. | ||
| 650 | _aProjeto de Desenvolvimento | ||
| 650 | _aProjeto Agricola | ||
| 650 | _aPlanejamento Regional | ||
| 650 | _aNordeste | ||
| 909 |
_a202309 _bLucia _c55 _dLucia Elande |
||
| 942 | _cBK | ||
| 999 |
_c58109 _d58109 |
||